Fundamentals Of Electrical Engineering (Record no. 164676)

MARC details
000 -LEADER
fixed length control field 00494nam a2200193Ia 4500
008 - FIXED-LENGTH DATA ELEMENTS--GENERAL INFORMATION
fixed length control field 230612s9999 xx 000 0 und d
041 ## - LANGUAGE CODE
Language code of text/sound track or separate title eng
082 ## - DEWEY DECIMAL CLASSIFICATION NUMBER
Classification number 621.37 BHI
100 ## - MAIN ENTRY--PERSONAL NAME
Personal name Bhide S.D.
245 ## - TITLE STATEMENT
Title Fundamentals Of Electrical Engineering
250 ## - EDITION STATEMENT
Edition statement 3rd ed.
260 ## - PUBLICATION, DISTRIBUTION, ETC. (IMPRINT)
Date of publication, distribution, etc. 1991
Name of publisher, distributor, etc. Everest Publishing House
300 ## - PHYSICAL DESCRIPTION
Extent 374
365 ## - TRADE PRICE
Currency code Rs.
Price amount 70.00
500 ## - GENERAL NOTE
Keywords W. 2003-04
700 ## - ADDED ENTRY--PERSONAL NAME
Personal name Bhide S.D. & Navale M.N.
906 ## - LOCAL DATA ELEMENT F, LDF (RLIN)
d B:18-Mar-2008
c ELECT
b 3.5
Holdings
Withdrawn status Lost status Damaged status Not for loan Home library Current library Date acquired Vendor Budget Code Cost, normal purchase price Full call number Barcode Date last seen Discount Cost, replacement price Bill Date Koha item type Original Barcode
Withdrawn       Cummins College of Engineering for Women Pune Cummins College of Engineering for Women Pune 21/12/1991 Everest Publishing House ELECT 66.50 621.37 BHI CCEP-BK-393 12/06/2023 3.5 70.00 18/03/2008 Books 000393